Statistics for Country and Capital Neighbour Connect with Jumps and Disappearing World Map: Reversed, by Reverse Alphabetical Order

Click here to take the quiz!

General Stats

  • This quiz has been taken 282 times
  • The average score is 261 of 392

Answer Stats

Country/Capital % Correct
Vaduz
100%
Bern
97%
Moscow
95%
Germany
95%
Warsaw
95%
Norway
93%
Kiev
92%
Hungary
92%
Chișinău
92%
Ukraine
92%
Russia
92%
Bucharest
92%
Sweden
92%
Finland
92%
Stockholm
92%
Oslo
92%
Helsinki
92%
Kosovo
91%
Montenegro
91%
Budapest
91%
Belgrade
90%
Zagreb
90%
Sarajevo
90%
Netherlands
89%
Brussels
89%
Berlin
89%
Paris
89%
Denmark
89%
Copenhagen
89%
Italy
89%
Croatia
89%
Rome
89%
Ljubljana
89%
Bosnia and Herzegovina
89%
Vatican City
89%
Vatican City (cap)
89%
Managua
84%
Costa Rica
84%
Tegucigalpa
84%
San Salvador
84%
Panama
84%
Guatemala
84%
Belize
84%
El Salvador
84%
Paramaribo
84%
Monaco
84%
Monaco (cap)
84%
Belmopan
84%
France
84%
Suriname
84%
Caracas
84%
Georgetown
84%
Colombia
84%
Quito
84%
Montevideo
84%
Brazil
84%
Peru
84%
Uruguay
84%
Buenos Aires
84%
Mexico
84%
Paraguay
84%
Ecuador
84%
La Paz
84%
Honduras
84%
Guatemala City
84%
Mexico City
84%
Nicaragua
84%
United States
84%
Bogotá
84%
Panama City
84%
San José
84%
Phnom Penh
83%
Hanoi
83%
Thailand
83%
Vietnam
83%
Bandar Seri Begawan
83%
Vientiane
83%
Bangkok
83%
Brunei
83%
Malaysia
83%
Kathmandu
83%
India
83%
Pakistan
83%
Tehran
83%
Nepal
83%
Myanmar
83%
Thimphu
83%
Bhutan
83%
New Delhi
83%
China
83%
Kuala Lumpur
83%
Iran
83%
Ashgabat
83%
Tashkent
83%
Yerevan
83%
Turkey
83%
Laos
83%
Kuwait
83%
Iraq
83%
Kyrgyzstan
83%
Baku
83%
Beijing
83%
Naypyidaw
83%
Tajikistan
83%
Bishkek
83%
Kuwait City
83%
Afghanistan
83%
Uzbekistan
83%
Turkmenistan
83%
Kazakhstan
83%
Lebanon
82%
Jerusalem
82%
Beirut
82%
Egypt
82%
Damascus
82%
Azerbaijan
82%
Malabo
81%
Cameroon
81%
Gabon
81%
Libreville
81%
Brazzaville
81%
Republic of the Congo
81%
Ankara
81%
Tbilisi
81%
Democratic Republic of the Congo
81%
Cairo
81%
South Sudan
81%
Sudan
81%
Spain
80%
Rabat
80%
London
80%
Ireland
80%
Nouakchott
80%
United Kingdom
80%
Dublin
80%
Morocco
80%
Bangui
80%
Algiers
80%
Tripoli
80%
Khartoum
80%
Ouagadougou
80%
Niger
80%
Niamey
80%
Mali
73%
Accra
73%
Senegal
73%
Yamoussoukro
73%
Vanuatu
73%
Lomé
73%
Port Vila
73%
Port Moresby
73%
Porto-Novo
73%
Benin
73%
Guinea-Bissau
73%
Dakar
73%
Bamako
73%
Burkina Faso
73%
Togo
73%
Conakry
73%
Bissau
73%
Yaren
72%
Papua New Guinea
72%
Nauru
72%
Jakarta
72%
Indonesia
72%
Banjul
72%
Gambia
72%
Dili
72%
East Timor
72%
Nairobi
71%
Mogadishu
71%
Malawi
71%
Pretoria
71%
Maputo
71%
Maseru
71%
Lesotho
71%
Djibouti (cap)
70%
Dodoma
70%
Djibouti
70%
Zambia
70%
Bujumbura
70%
Kampala
70%
Kenya
70%
Ethiopia
70%
Asmara
70%
Tanzania
70%
Burundi
70%
Zimbabwe
70%
Mozambique
70%
Lilongwe
70%
Gaborone
70%
Harare
70%
Windhoek
70%
Kinshasa
70%
Kigali
70%
Lusaka
70%
Botswana
70%
Tuvalu
69%
Luanda
69%
Angola
69%
Namibia
69%
Funafuti
68%
Poland
67%
Prague
67%
Minsk
67%
Vilnius
67%
Nicosia
67%
Belarus
67%
Solomon Islands
67%
Bratislava
67%
Honiara
67%
Saint Vincent and the Grenadines
67%
Marshall Islands
67%
Cyprus
67%
Vienna
67%
Majuro
67%
Kingstown
67%
Czech Republic
67%
Ngerulmud
67%
Nassau
67%
Palau
67%
Bahamas
67%
Slovenia
66%
Austria
66%
Switzerland
66%
Basseterre
66%
Moroni
66%
Liechtenstein
66%
Comoros
66%
Saint Kitts and Nevis
66%
Muscat
66%
Amman
66%
Jordan
66%
Israel
66%
Baghdad
66%
Saudi Arabia
66%
Qatar
66%
United Arab Emirates
66%
Oman
66%
Yemen
66%
Riyadh
66%
Syria
66%
Port Louis
65%
Mauritius
65%
Central African Republic
64%
Chad
64%
N'Djamena
64%
Yaoundé
64%
Abuja
64%
Philippines
64%
Seychelles
64%
Victoria
64%
Nigeria
64%
Manila
64%
Skopje
64%
Libya
64%
Tirana
64%
Greece
64%
Athens
64%
Macedonia
64%
Pristina
64%
Bulgaria
64%
Moldova
64%
Tunis
64%
Romania
64%
Madagascar
63%
Mongolia
63%
Ulaanbaatar
63%
Antananarivo
63%
Antigua and Barbuda
63%
Dominica
63%
Saint John's
63%
Malé
63%
Maldives
63%
Roseau
63%
Saint George's
61%
Grenada
61%
Federated States of Micronesia
60%
Palikir
60%
Saint Lucia
59%
Japan
59%
Tokyo
59%
Barbados
59%
Castries
59%
Bridgetown
59%
Chile
58%
Argentina
58%
Asunción
58%
Bolivia
58%
Santiago
58%
Venezuela
57%
Wellington
57%
Brasília
57%
Lima
57%
Guyana
57%
New Zealand
57%
Trinidad and Tobago
56%
Port-of-Spain
56%
Haiti
56%
Santo Domingo
56%
Dominican Republic
56%
Port-au-Prince
56%
Jamaica
54%
Lisbon
54%
Madrid
54%
Kingston
54%
Portugal
54%
Sierra Leone
53%
Andorra la Vella
53%
Freetown
53%
Monrovia
53%
Andorra
53%
San Marino (cap)
53%
San Marino
53%
Taiwan
52%
Cote d'Ivoire
52%
Taipei
52%
Ghana
52%
Dushanbe
51%
Kabul
51%
South Korea
50%
Pyongyang
50%
Iceland
50%
Seoul
50%
Reykjavík
50%
North Korea
50%
Lithuania
50%
Estonia
50%
Latvia
50%
Riga
50%
Tallinn
50%
Amsterdam
48%
Belgium
48%
Suva
47%
Fiji
47%
South Tarawa
47%
Kiribati
47%
Bangladesh
46%
Dhaka
46%
São Tomé
44%
Abu Dhabi
44%
São Tomé and Príncipe
44%
Luxembourg (cap)
43%
Cape Verde
43%
Praia
43%
Luxembourg
43%
Sri Lanka
42%
Sri Jayawardenepura Kotte
42%
Mbabane
41%
Singapore
41%
Singapore (cap)
41%
South Africa
40%
Swaziland
40%
Bahrain
39%
Manama
39%
Islamabad
38%
Canberra
37%
Australia
37%
Ottawa
37%
Washington D.C.
37%
Canada
36%
Valletta
32%
Malta
32%
Apia
31%
Samoa
31%
Astana
29%
Cuba
29%
Havana
29%
Algeria
21%
Tunisia
21%
Mauritania
20%
Tonga
19%
Somalia
19%
Nukuʻalofa
19%
Guinea
19%
Liberia
19%
Slovakia
18%
Eritrea
18%
Addis Ababa
18%
Armenia
18%
Albania
18%
Georgia
18%
Serbia
18%
Cambodia
17%
Podgorica
17%
Sofia
17%
Sana'a
16%
Doha
16%
Juba
15%
Equatorial Guinea
15%
Uganda
15%
Rwanda
14%

Score Distribution

Percentile by Number Answered

Percent of People with Each Score

Your Score History

You have not taken this quiz